| 000 | 00591nam a2200241Ia 4500 | ||
|---|---|---|---|
| 005 | 20250425162145.0 | ||
| 008 | 250425s9999 xx 000 0 und d | ||
| 020 | _a9978045856 | ||
| 041 | _aspa | ||
| 043 | _aec | ||
| 082 | _a366 | ||
| 100 | _aFUNDACION, ALTERNATIVA | ||
| 245 | 0 | _aDIRECTORIO: ORGANIZACIONES SOCIALES DE DESARROLLO | |
| 250 | _a1A ED. | ||
| 260 |
_aEcuador _bFUNDACION ABYA-YALA _c2002 |
||
| 260 | _aQUITO | ||
| 300 | _a191 | ||
| 650 | _aDIRECTORIOS | ||
| 650 | _aORGANIZACIONES SOCIALES | ||
| 710 | _aFUNDACION ABYA-YALA | ||
| 942 | _c01 | ||
| 010 | _a53549 | ||
| 999 |
_c223468 _d223468 |
||